000 00987nam a2200277Ia 4500
003 OSt
005 20221005104305.0
006 a|||||r|||| 00| 0
007 ta
008 221004b |||||||| |||| 00| 0 hin d
020 _a9789352665334 (hbk)
_cINR 500.00
024 _a64671
037 _bGV728, 11/03/2020, Vani Prakashan
_cTextual
040 _aCRL
_cCRL
_bhin
041 _2hin
_ahin
082 _aO152,3N427,AU, Q9
100 _aसिन्हा, मृदुला, ले.
245 0 _aअहल्या उवाच
246 _aAhalyā uvācha
260 _aदिल्ली
_bप्रभात प्रकाशन भारत
_c2019
300 _a240पृ0
_ccm.
650 _a हिन्दी साहित्य
650 _aहिन्दी कहानी
942 _hO152,3N427,AU, Q9
_cTEXL
_2cc
999 _c1012289
_d1012289